000 00570nam a2200229Ia 4500
003 OSt
005 20220924143554.0
006 a|||||r|||| 00| 0
007 ta
008 220923b |||||||| |||| 00| 0 urd d
024 _a309034
037 _cTextual
040 _aARTS
_cARTS
_burd
041 _2urd
_aurd
082 _aO157,2M61,1, 168J0
100 _aTagore
_9154861
245 0 _aTagore ke drame
260 _c1950
650 _aBENGALI LITERATURE
942 _hO157,2M61,1, 168J0
_cTEXL
_2CC
999 _c455043
_d455043